00765nam a2200157 a 450000100100000000500170001000800410002704000250006811000320009324502400012526000680036530000420043304900090047595201060048499900170059000003358920200930070353.0110901s1895 dr 000 0 spa d aDO-SdBNPbspacBNPHU1 aRepública Dominicana944710aMemoria que al ciudadano presidente de la República presenta el Secretario de Estado de Correos y Telegrafos acompañada de la del ciudadano Administador General del Correo y de la Estadística Postal correspondiente al año 1894. aSanto Domingo :bImp. La Cuna de América J. R. Roques,c1895. a1v. Con varias paginaciones ;c26 cm. aBNPD 00107-18PDaPDbPDcOId2011-09-01iLF1l0o p33589-10r2020-06-25w2020-06-25yLFPDZNo se presta c33080d33080